| 000 | 00556nam a2200157Ia 4500 | ||
|---|---|---|---|
| 008 | 090124s9999 xx 000 0 und d | ||
| 082 |
_b16941 _a1251 |
||
| 245 | _a मराठ्यांच्या इतिहासाची साधने | ||
| 250 | _a1 | ||
| 260 | _c1968 | ||
| 300 | _a596 | ||
| 630 | _a मराठ्यांच्या इतिहासाची साधने | ||
| 700 | _aदेसाई स.शं. | ||
| 730 | _a मराठ्यांच्या इतिहासाची साधने | ||
| 942 | _cBOOK | ||
| 999 |
_c130881 _d130881 |
||